| 000 | 00383nam a2200157Ia 4500 | ||
|---|---|---|---|
| 008 | 221030s9999 xx 000 0 und d | ||
| 020 | _a8121917573 | ||
| 041 | _aEnglish | ||
| 082 | _a105.23 | ||
| 100 | _aA. S. Vasudeva | ||
| 245 | 0 |
_aModern Engineering Physics _cby A. S. Vasudeva |
|
| 260 |
_bS.Chand & Co. _aNew Delhi _c2010 |
||
| 300 | _a451 | ||
| 650 | _aPhysics | ||
| 942 | _cBK | ||
| 999 |
_c8961 _d8961 |
||